TENWEK HOSP HOME | SOC  | ASK A LIBRARIANSTAFF LOGIN  |  DIGITAL REPOSITORYe-BOOK PORTAL  |  OFF-CAMPUS PORTAL  |  DONATE

The Gospel of John / (Record no. 4043)

MARC details
000 -LEADER
fixed length control field 00928cam a2200277 i 4500
001 - CONTROL NUMBER
control field 2206431
003 - CONTROL NUMBER IDENTIFIER
control field Ke-BoTe
005 - DATE AND TIME OF LATEST TRANSACTION
control field 20220614154550.0
008 - FIXED-LENGTH DATA ELEMENTS--GENERAL INFORMATION
fixed length control field 741120s1975 pau 000 0 eng
010 ## - LIBRARY OF CONGRESS CONTROL NUMBER
LC control number 74030031
020 ## - INTERNATIONAL STANDARD BOOK NUMBER
International Standard Book Number 0664213049 (v. 1) :
Terms of availability $6.25.
International Standard Book Number 0664241042 (v. 1)
Terms of availability $3.45
040 ## - CATALOGING SOURCE
Original cataloging agency DLC
Transcribing agency DLC
Modifying agency DLC
041 1# - LANGUAGE CODE
Language code of text/sound track or separate title engund
050 00 - LIBRARY OF CONGRESS CALL NUMBER
Classification number BS2613
Item number . B37 1975
082 00 - DEWEY DECIMAL CLASSIFICATION NUMBER
Classification number 226/.5/077
130 0# - MAIN ENTRY--UNIFORM TITLE
Uniform title Bible.
Name of part/section of a work John.
Language of a work English.
Version Barclay.
Date of a work 1975.
9 (RLIN) 8420
245 14 - TITLE STATEMENT
Title The Gospel of John /
Statement of responsibility, etc. translated with an introd. and interpretation by William Barclay.
250 ## - EDITION STATEMENT
Edition statement Rev. ed.
260 ## - PUBLICATION, DISTRIBUTION, ETC.
Place of publication, distribution, etc. Philadelphia :
Name of publisher, distributor, etc. Westminster Press,
Date of publication, distribution, etc. c1975.
300 ## - PHYSICAL DESCRIPTION
Extent ix, 254p. :
Dimensions 19 cm.
440 #4 - SERIES STATEMENT/ADDED ENTRY--TITLE
Title The Daily study Bible series. -- Rev. ed.
9 (RLIN) 790
630 00 - SUBJECT ADDED ENTRY--UNIFORM TITLE
Uniform title Bible.
Name of part/section of a work John
General subdivision Commentaries.
9 (RLIN) 806
700 1# - ADDED ENTRY--PERSONAL NAME
Personal name Barclay, William,
Dates associated with a name 1907-1978,
Relator term ed.
9 (RLIN) 777
906 ## - LOCAL DATA ELEMENT F, LDF (RLIN)
a 7
b cbc
c orignew
d 1
e ocip
f 19
g y-gencatlg
942 ## - ADDED ENTRY ELEMENTS (KOHA)
Source of classification or shelving scheme Library of Congress Classification
Koha item type Books
Suppress in OPAC No
Holdings
Withdrawn status Lost status Source of classification or shelving scheme Damaged status Not for loan Collection code Home library Current library Shelving location Date acquired Total Checkouts Full call number Barcode Date last seen Price effective from Koha item type
    Library of Congress Classification     Fiction SCHOOL OF HEALTH SCIENCES SCHOOL OF HEALTH SCIENCES General Stacks 14.06.2022   BS2613.B37 1975 00003454 14.06.2022 14.06.2022 Books